Library Logo

Pioneer International University Library Catalogue

Student's guide for writing college papers / (Record no. 3295)

MARC details
000 -LEADER
fixed length control field 00564cam a2200193 i 4500
005 - DATE AND TIME OF LATEST TRANSACTION
control field 20250901165409.0
008 - FIXED-LENGTH DATA ELEMENTS--GENERAL INFORMATION
fixed length control field 760212s1976 ilu b 001 0 eng
010 ## - LIBRARY OF CONGRESS CONTROL NUMBER
LC control number 76000435
020 ## - INTERNATIONAL STANDARD BOOK NUMBER
International Standard Book Number 0226816222.
-- 0226816230
050 00 - LIBRARY OF CONGRESS CALL NUMBER
Classification number LB2369 .T87 1976
Item number .T82 1976
082 00 - DEWEY DECIMAL CLASSIFICATION NUMBER
Classification number 808/.042
100 1# - MAIN ENTRY--PERSONAL NAME
Personal name Turabian, Kate L.
245 10 - TITLE STATEMENT
Title Student's guide for writing college papers /
Statement of responsibility, etc. Kate L. Turabian.
250 ## - EDITION STATEMENT
Edition statement 3d ed.
260 ## - PUBLICATION, DISTRIBUTION, ETC.
Place of publication, distribution, etc. Chicago :
Name of publisher, distributor, etc. University of Chicago Press,
Date of publication, distribution, etc. 1976.
300 ## - PHYSICAL DESCRIPTION
Extent viii, 256 p. ;
Dimensions 21 cm.
500 ## - GENERAL NOTE
General note Includes index.
942 ## - ADDED ENTRY ELEMENTS (KOHA)
Source of classification or shelving scheme Dewey Decimal Classification
Holdings
Withdrawn status Lost status Source of classification or shelving scheme Damaged status Not for loan Home library Current library Shelving location Date acquired Total checkouts Full call number Barcode Date last seen Price effective from Koha item type
    Library of Congress Classification     Main Library Main Library   03/22/2021   LB2369 .T87 1976 PIU0006372 03/22/2021 03/22/2021 Books